| 000 | 00788nam a2200241 i 4500 | ||
|---|---|---|---|
| 001 | 39490 | ||
| 003 | ES-MaACL | ||
| 005 | 20240606062957.0 | ||
| 007 | t| | ||
| 008 | 030303s1981 sp |||| | spa d | ||
| 080 | _a821.134.2-1.09"19" | ||
| 100 | 0 |
_aCano Ballesta, Juan, _d1932- _934542 |
|
| 245 | 1 | 0 |
_aLiteratura y tecnología _b: (las letras españolas ante la revolución industrial : 1900-1933) / _cJuan Cano Ballesta. |
| 250 | _a1ª ed. | ||
| 260 |
_aMadrid : _bOrígenes, _c1981. |
||
| 300 |
_a253 p. ; _c20 cm. |
||
| 490 | 1 | _aTratados de crítica literaria | |
| 500 | _aÍndice. | ||
| 650 | 4 |
_aLiteratura española- _yS.XX- _xHistoria y crítica. _9141686 |
|
| 830 | 0 |
_aTratados de crítica literaria _9181799 |
|
| 852 | 4 |
_a BA _jL-1884 |
|
| 999 |
_c39490 _d39490 |
||